| 000 | 00551nam a2200205Ia 4500 | ||
|---|---|---|---|
| 003 | OSt | ||
| 005 | 20250425162341.0 | ||
| 008 | 210707s1982 xx 000 0 und d | ||
| 040 | _cAL | ||
| 041 | _aeng | ||
| 082 | _a512.14 BUGF | ||
| 100 |
_aBUGROV (Ya S) & NIKOLSKY (S M) _9208838 |
||
| 245 | _aFundamentals of linear algebra and analytical geometry. | ||
| 260 |
_aMoscow _bMir Publishers _c1982 |
||
| 300 | _aiv,189 p | ||
| 563 | _aPB | ||
| 650 |
_aAlgebra _9208839 |
||
| 906 | _aLinear algebra_x000D_Analytical geometry | ||
| 942 |
_2ddc _cBK |
||
| 999 |
_c180061 _d180061 |
||